Reach out! (Record no. 3501)

MARC details
000 -LEADER
fixed length control field 00842nam a2200253 4500
001 - CONTROL NUMBER
control field 2723682
003 - CONTROL NUMBER IDENTIFIER
control field GBCCL
005 - DATE AND TIME OF LATEST TRANSACTION
control field 20241126110456.0
008 - FIXED-LENGTH DATA ELEMENTS--GENERAL INFORMATION
fixed length control field 700814s1970 tnu 000 0 eng
010 ## -
-- 77113217
040 ## - CATALOGING SOURCE
Original cataloging agency DLC
Transcribing agency DLC
Modifying agency DLC
050 00 -
-- BV4832.2
-- .S88
082 00 - DEWEY DECIMAL CLASSIFICATION NUMBER
Classification number 242
Item number SUL
100 1# - MAIN ENTRY--PERSONAL NAME
Personal name Sullivan, James L.
9 (RLIN) 3092
245 10 - TITLE STATEMENT
Title Reach out!
Statement of responsibility, etc. [By] James L. Sullivan. Compiled by Gomer R. Lesch.
260 ## - PUBLICATION, DISTRIBUTION, ETC.
Place of publication, distribution, etc. Nashville,
Name of publisher, distributor, etc. Broadman Press
Date of publication, distribution, etc. [1970]
300 ## - PHYSICAL DESCRIPTION
Extent 128 p.
Dimensions 20 cm.
490 0# - SERIES STATEMENT
Series statement A Broadman inner circle book
500 ## - GENERAL NOTE
General note A collection of essays written for Facts and trends, the monthly publication of the Sunday School Board, Southern Baptist Convention.
650 #0 - SUBJECT ADDED ENTRY--TOPICAL TERM
Topical term or geographic name entry element Meditations.
9 (RLIN) 1412
730 ## -
-- Facts and trends.
-- 7048
906 ## - LOCAL DATA ELEMENT F, LDF (RLIN)
a 7
b cbc
c orignew
d 2
e ncip
f 19
g y-gencatlg
942 ## - ADDED ENTRY ELEMENTS (KOHA)
Source of classification or shelving scheme Dewey Decimal Classification
Koha item type Books
Holdings
Withdrawn status Lost status Source of classification or shelving scheme Damaged status Not for loan Home library Current Library Shelving location Date acquired Total checkouts Full call number Barcode Date last seen Copy number Price effective from Koha item type
    Dewey Decimal Classification     GRACE BIBLE COLLEGE GRACE BIBLE COLLEGE Ministry & Mission 2017-11-28   242 SUL 008193 2025-05-01 c.1 2017-11-28 Books
© Grace Bible College Library 2025